| 000 | 00416nam a2200181Ia 4500 | ||
|---|---|---|---|
| 005 | 20240823011704.0 | ||
| 008 | 240823s9999||||xx |||||||||||||| ||und|| | ||
| 041 | _aENGLISH | ||
| 082 | _A621.395 P2 | ||
| 100 | _a"Wakerly,John F" | ||
| 245 | 0 | _aDigital Design | |
| 250 | _a3rd | ||
| 260 |
_c2002 _b"Pearson,Singapore" |
||
| 500 | _aYES | ||
| 650 |
_aDigital _bInstrumentation |
||
| 942 | _cBK | ||
| 999 |
_c162255 _d162255 |
||